00280 2200133 4500001002100000005001500021035002000036245001800056260001500074082000800089084001200097600002000109990001700129INLIS00000000000187520260413111018 a0010-0426000001 aBelajar Puasa aa :bb,cc a813 a813 BEL 4aFiksi Indonesia a05466/P/2026